Discourse Formation in Comparative Education. (Record no. 2824)

MARC details
000 -LEADER
fixed length control field 00526nam a22001937a 4500
003 - CONTROL NUMBER IDENTIFIER
control field OSt
005 - DATE AND TIME OF LATEST TRANSACTION
control field 20151204144233.0
008 - FIXED-LENGTH DATA ELEMENTS--GENERAL INFORMATION
fixed length control field 151204b xxu||||| |||| 00| 0 eng d
020 ## - INTERNATIONAL STANDARD BOOK NUMBER
International Standard Book Number 3631317603
040 ## - CATALOGING SOURCE
Transcribing agency DDC
082 ## - DEWEY DECIMAL CLASSIFICATION NUMBER
Classification number 370SCH 2000.
100 ## - MAIN ENTRY--PERSONAL NAME
Personal name Edited by SChriewer ,Jurgen.
9 (RLIN) 6505
245 ## - TITLE STATEMENT
Title Discourse Formation in Comparative Education.
260 ## - PUBLICATION, DISTRIBUTION, ETC. (IMPRINT)
Place of publication, distribution, etc. New York;
Name of publisher, distributor, etc. Peter Lang,
Date of publication, distribution, etc. 2000.
300 ## - PHYSICAL DESCRIPTION
Extent x,365p;
Other physical details ill;
Dimensions 22cm
504 ## - BIBLIOGRAPHY, ETC. NOTE
Bibliography, etc includes index.
650 ## - SUBJECT ADDED ENTRY--TOPICAL TERM
Topical term or geographic name as entry element Comparative Education.
9 (RLIN) 5748
942 ## - ADDED ENTRY ELEMENTS (KOHA)
Source of classification or shelving scheme Dewey Decimal Classification
Koha item type Short Loan
Holdings
Withdrawn status Lost status Source of classification or shelving scheme Damaged status Not for loan Home library Current library Date acquired Source of acquisition Inventory number Total Checkouts Full call number Barcode Date last seen Price effective from Koha item type
    Dewey Decimal Classification     MUST Main Library MUST Main Library 04/12/2015   2001/15921   370SCH 2000. 2015-2938 04/12/2015 04/12/2015 Short Loan